Statistics for Mayors of Houston by Picture

Click here to take the quiz!

General Stats

  • This quiz has been taken 4 times
  • The average score is 5 of 16

Answer Stats

Answer% Correct
Annise Parker
100%
Sylvester Turner
100%
Lee Brown
67%
Bill White
67%
Roy Hofheinz
33%
Fred Hofheinz
33%
Kathy Whitmire
33%
Bob Lanier
33%
Charles Bigalow
0%
Horace Baldwin
0%
William J. Hutchins
0%
Joseph Robert Morris
0%
J. J. Pastoriza
0%
Oscar F. Holcombe
0%
Lewis Cutrer
0%
Louie Welch
0%

Score Distribution

Percentile by Number Answered

Percent of People with Each Score

Your Score History

You have not taken this quiz